000 00239pam a2200133 a 4500
020 _c
041 _h
100 _aDe
245 _aEnvironmental Chemistry
260 _c1995
300 _a364
653 _aEnvironment
930 _a903
999 _c246756
_d246756